Presenters on British TV Quiz Stats

Quiz not verified by Sporcle

Challenge
Share
Tweet
Embed
Score 0/25 Timer 04:00
0 Plays Today
% Correct
Simon Cowell
93%
Chris Tarrant
92.2%
Jeremy Clarkson
91.4%
David Attenborough
88.3%
Cilla Black
86.7%
Sue Barker
83.6%
Terry Wogan
82%
Michael Parkinson
80.5%
Magnus Magnusson
80.5%
Jill Dando
79.7%
Patrick Moore
78.9%
Jeremy Paxman
78.9%
Michael Palin
76.6%
% Correct
David Frost
75%
Esther Rantzen
73.4%
Bamber Gascoigne
72.7%
Alan Whicker
67.2%
Hughie Green
67.2%
Eamonn Andrews
63.3%
David Coleman
60.9%
Roger Cook
57%
Des Lynam
56.3%
Jimmy Hill
51.6%
Cliff Michelmore
50%
Robin Day
45.3%

You're not logged in!

Compare scores with friends on all Sporcle quizzes.
Join for Free
OR
Log In

You Might Also Like...

Show Comments

Extras

Top Quizzes Today


Score Distribution

Your Account Isn't Verified!

In order to create a playlist on Sporcle, you need to verify the email address you used during registration. Go to your Sporcle Settings to finish the process.

Report this User

Report this user for behavior that violates our Community Guidelines.

Details: